000 00938nam a2200229 a 4500
005 20160215121823.0
008 140226t1969 gw a gr|||| 00| 0 ger d
040 _aCO-BoIAVH
_cCO-BoIAVH
041 _ager
_hspa
044 _agx
082 0 4 _a704.942092
_bA36a
110 1 _aAlemania
_bAcademia Alemana de Ciencias de Berlín
245 1 _aAlejandro de Humboldt, modelo en la lucha por el progreso y la liberación de la humanidad
_bmemorial en conmemoración del bicentenario de su nacimiento
246 _aAlexander von Humboldt, wirkendes vorbild für fortschritt und befreiung der menschheit
_bfestschrift aus anlass seines 200. Geburtstages
260 _aBerlín
_bAkademie- Verlag
_c1969
300 _a205 paginas.
_bilustraciones. ;
_c23 x 18 cm.
650 4 _aBiografía
650 4 _aInvestigadores científicos
650 4 _aHistoria de la ciencia
942 _cLIBRO
_2ddc
945 _d2003-10-30
999 _c1191
_d1191